召唤成功的六种脑力 (Record no. 55232)

000 -LEADER
fixed length control field 00498nam a22001937a 4500
003 - CONTROL NUMBER IDENTIFIER
control field MPLRDC
005 - DATE AND TIME OF LATEST TRANSACTION
control field 20220104160921.0
008 - FIXED-LENGTH DATA ELEMENTS--GENERAL INFORMATION
fixed length control field 210129b ||||| |||| 00| 0 eng d
020 ## - INTERNATIONAL STANDARD BOOK NUMBER
International Standard Book Number 957-607-877-6
082 ## - DEWEY DECIMAL CLASSIFICATION NUMBER
Classification number 411.19 EYGX
100 ## - MAIN ENTRY--PERSONAL NAME
Personal name 儿玉光雄
245 ## - TITLE STATEMENT
Title 召唤成功的六种脑力
Statement of responsibility, etc. 李菁菁译
250 ## - EDITION STATEMENT
Edition statement 初版
260 ## - PUBLICATION, DISTRIBUTION, ETC.
Place of publication, distribution, etc. 台湾
Name of publisher, distributor, etc. 如何出版社有限公司
Date of publication, distribution, etc. 2003
300 ## - PHYSICAL DESCRIPTION
Other physical details 256
490 ## - SERIES STATEMENT
Series statement HAPPY LEARNING. 025
650 ## - SUBJECT ADDED ENTRY--TOPICAL TERM
Topical term or geographic name entry element 健脑法
942 ## - ADDED ENTRY ELEMENTS (KOHA)
Koha item type Book
-- 411.19 EYGX
Holdings
Withdrawn status Lost status Source of classification or shelving scheme Damaged status Not for loan Collection code Home library Current library Shelving location Date acquired Cost, normal purchase price Total Checkouts Total Renewals Full call number Barcode Date last seen Date last checked out Price effective from Koha item type Public note
            Malaysian Public Library, Research and Development Centre Malaysian Public Library, Research and Development Centre   10/12/2007 31.00   1 411.19 EYGX 00055448 18/03/2021 24/12/2016 18/03/2021 Book mplrdc

© 2022. Malaysian Public Library, Research and Development Centre. All Right ReservedE-mailmplrdc@help.edu.my 

Powered by Koha